00915nam a2200253Ia 4500003000900000008004100009020001800050040001600068080001600084110001500100111007600115245011600191260003500307300002300342650004100365650000900406650002700415650001700442700003200459700003100491942000700522999001500529952011700544IN-BaIIA211028s9999 xx 000 0 eng d a0-7204-0228-X cIIA Library a523.34bTHE aNATO96419 aNATO Advanced Study InstitutecNewcastle upon Tyne, Englandd197097000 4aThe Moon and planetsbproceedings of NATO advanced study institutecedited by S. K. Runcorn and D. W. Collinson aAmsterdambNorth-Hollandc1971 a[various pagings.] aAstronomy and Astrophysics Thesaurus aMoon aPlanetary systems9965 aPlanets9971 aCollinson, D. W., ed.97001 aRuncorn, S. K ., ed.94292 cBK c3948d3948 00104070aBANbBANcGENd1972-08-08g74.52l0o523.34/ THEp4410r2021-11-05v74.52w1972-08-08yBKGRs. 74.52